000 00761nam a2200265Ia 4500
005 20260302114028.0
008 008 260114s9999 xx 000 0 eng d
020 _a9781350060746
037 _aTextbook
040 _aCRL
040 _beng
040 _cCRL
041 _2eng
041 _aeng
084 _qCRL
100 _aMalcolm Keating
_91107635
245 0 _aLanguage, Meaning, and Use in Indian Philosophy An Introduction to Mukula's “Fundamentals of the Communicative Function”
260 _bBloomsbury
260 _bBloomsbury Academic
260 _c2019
650 _aPhilosophy
856 _uhttps://doi.org/10.5040/9781350060746?locatt=label:secondary_bloomsburyCollections
942 _cEBOOK
999 _c1681090
_d1681090